000 00201 a2200109 4500
020 _a9780061961717
041 _aeng
100 _aJ.A.Jance
245 _aPartner in Crime
942 _cBK
952 _74
999 _c16636
_d16636